000 00326nam a2200097Ia 4500
008 160725s9999 xx 000 0 und d
100 _aGregorio, Pauline Rose L.
245 _aConcept mapping: an assessment strategy for critical thinking.
260 _bKaizen Research Journal College of Nursing
_cMarch 2013
650 _aNURSING
999 _c298033
_d298033